书目信息 |
| 题名: |
刑事诉讼举证责任 七
|
|
| 作者: | 宋纯新 主编 | |
| 分册: | ||
| 出版信息: | 北京 中国方正出版社 2001 |
|
| 页数: | 3560-4114页 | |
| 开本: | 19cm | |
| 丛书名: | 诉讼举证责任丛书 | |
| 单 册: | ||
| 中图分类: | D925.213.4 | |
| 科图分类: | ||
| 主题词: | 刑事诉讼--举证责任--中国 , 刑事诉讼 , 举证责任 | |
| 电子资源: | ||
| ISBN: | 7-80107-461-0 | |
| 000 | 00775oam2 2200265 45 | |
| 001 | (011001)c2001047258 | |
| 005 | 20090903163303.61 | |
| 009 | (011001)c2001047258 | |
| 010 | @a7-80107-461-0@dCNY9.00 | |
| 035 | @a(011001)c2001047258 | |
| 100 | @a20010521d2001 em y0chiy0110 ea | |
| 101 | 0 | @achi |
| 102 | @aCN@b110000 | |
| 105 | @ay z 000yy | |
| 200 | 1 | @a刑事诉讼举证责任 七@Axing shi su song ju zheng ze ren qi@f宋纯新主编@Fsong chun xin zhu bian |
| 210 | @a北京@c中国方正出版社@d2001 | |
| 215 | @a3560-4114页@d19cm | |
| 225 | 2 | @a诉讼举证责任丛书 |
| 606 | 0 | @a刑事诉讼@x举证责任@y中国 |
| 606 | 0 | @a刑事诉讼 |
| 606 | 0 | @a举证责任 |
| 690 | @aD925.213.4@v4 | |
| 701 | 0 | @a宋纯新@Asong chun xin@4主编 |
| 801 | 0 | @aCN@c20090903 |
| 905 | @aBZT@dD925.213.4@e1-7 | |
| 刑事诉讼举证责任 七/宋纯新主编.-北京:中国方正出版社,2001 |
| 3560-4114页;19cm.-(诉讼举证责任丛书) |
| ISBN 7-80107-461-0:CNY9.00 |
| ● |
| 相关链接 |
|
|
|
正题名:刑事诉讼举证责任 七
索取号:D925.213.4/1-7
 
预约/预借
| 序号 | 登录号 | 条形码 | 馆藏地/架位号 | 状态 | 备注 |
| 1 | 398296 | 210269920 | 中心书库南/014架A面1层7列/ [索取号:D925.213.4/1-7] | 在馆 | |
| 2 | 398297 | 210269911 | 中心书库南/014架A面1层7列/ [索取号:D925.213.4/1-7] | 在馆 | |
| 3 | 398298 | 210269895 | 中心书库南/014架A面1层7列/ [索取号:D925.213.4/1-7] | 在馆 | |
| 4 | 398299 | 210269902 | 中心书库南/014架A面1层7列/ [索取号:D925.213.4/1-7] | 在馆 | |
| 5 | 398300 | 210269984 | 中心书库南/014架A面1层7列/ [索取号:D925.213.4/1-7] | 在馆 | |
| 6 | 398301 | 210269975 | 中心书库南/014架A面1层7列/ [索取号:D925.213.4/1-7] | 在馆 | |
| 7 | 398302 | 210269966 | 中心书库南/014架A面1层7列/ [索取号:D925.213.4/1-7] | 在馆 | |
| 8 | 398303 | 210269957 | 中心书库南/014架A面1层7列/ [索取号:D925.213.4/1-7] | 在馆 | |
| 9 | 398304 | 210269948 | 中心书库南/014架A面1层7列/ [索取号:D925.213.4/1-7] | 在馆 | |
| 10 | 398305 | 210269939 | 中心书库南/014架A面1层7列/ [索取号:D925.213.4/1-7] | 在馆 | |
| 11 | 426071 | 210539602 | 中心书库南/014架A面1层7列/ [索取号:D925.213.4/1-7] | 在馆 | |
| 12 | 426072 | 210539611 | 中心书库南/014架A面1层7列/ [索取号:D925.213.4/1-7] | 在馆 | |
| 13 | 426073 | 210539657 | 中心书库南/014架A面1层7列/ [索取号:D925.213.4/1-7] | 在馆 | |
| 14 | 426074 | 210539648 | 中心书库南/014架A面1层7列/ [索取号:D925.213.4/1-7] | 在馆 | |
| 15 | 426075 | 210539639 | 中心书库南/014架A面1层7列/ [索取号:D925.213.4/1-7] | 在馆 | |
| 16 | 426076 | 210539620 | 中心书库南/014架A面1层7列/ [索取号:D925.213.4/1-7] | 在馆 | |
| 17 | 426077 | 210539693 | 中心书库南/014架A面1层7列/ [索取号:D925.213.4/1-7] | 在馆 | |
| 18 | 426078 | 210539684 | 中心书库南/014架A面1层7列/ [索取号:D925.213.4/1-7] | 在馆 | |
| 19 | 426079 | 210539675 | 中心书库南/014架A面1层7列/ [索取号:D925.213.4/1-7] | 在馆 | |
| 20 | 426080 | 210539666 | 中心书库南/014架A面1层7列/ [索取号:D925.213.4/1-7] | 在馆 |